000
003140000a22001450004500
003
MACL
040
_a
MACL
090
_c
48839
_d
48837
100
_a
Sharma, Dr H P
245
_a
Madhya pradesh PET At a Glance
260
_b
Upkar Prakashan
350
_a
280
650
_a
Engineering
942
_c
BOOK
_k
620.543/SHA
999
_c
48318
_d
48318